| 000 | 00834nam0a22002651 4500 | ||
|---|---|---|---|
| 001 | rc\3127146 | ||
| 005 | 20250530070104.0 | ||
| 021 |
_aRU _b96-ВП-4268/28 |
||
| 035 | _a(NLR Aleph) 007283339 | ||
| 090 |
_a5532725 _c5532725 |
||
| 100 | _a20120615d1975 |||y0rusy50 ca | ||
| 101 | 0 | _arus | |
| 102 | _aRU | ||
| 105 | _ay z ||||| | ||
| 200 | 1 |
_aОтчет о командировке в Японию _fАН СССР. ВИНИТИ |
|
| 210 |
_aМосква _cБ. и. _d1975 |
||
| 215 |
_a31 с. _d21 |
||
| 300 | _aПеред загл. авт.: А.К. Пикаев | ||
| 300 | _aНа 3-й с.: д. х. н. А.К. Пикаев | ||
| 700 | 1 |
_aПикаев _bА.К. _f1930- _gАлексей Константинович |
|
| 801 | 0 |
_aRU _bNLR _gpsbo |
|
| 801 | 1 |
_aRU _bELAR _2rusmarc |
|
| 852 |
_aNLR _j96-6/1248 |
||
| 942 | _cBOOK | ||
| 980 | _aNB | ||